| 000 | 00553nam a2200193Ia 4500 | ||
|---|---|---|---|
| 005 | 20221216111116.0 | ||
| 008 | 131103s9999 xx 000 0 und d | ||
| 040 | _aLoreto College | ||
| 041 | _aEnglish | ||
| 082 |
_a812.09 _bPOR |
||
| 100 | _aPorter,Thomas E. | ||
| 245 |
_aMyth and modern American drama _cThomas E.Porter |
||
| 260 |
_aDetroit _bWayne State University _c1969 |
||
| 300 | _a286 p. | ||
| 504 | _aIncludes bibliographical references and index | ||
| 650 | _aAmerican Drama - History and Criticism | ||
| 850 | _aLCLIB | ||
| 942 | _cBK | ||
| 999 |
_c11719 _d62198 |
||